Lettres. tomo 1 [jeronimo] /
Guardado en:
| Autor Principal: | |
|---|---|
| Formato: | Libro |
| Publicado: |
Paris :
Les Belles Lettres,
1949
|
| Series: | Collection des universités de France
|
| Materias: | |
| Etiquetas: |
Agregar Etiqueta
Sin Etiquetas, Sea el primero en etiquetar este registro!
|
| LEADER | 00628nam a22001815a 4500 | ||
|---|---|---|---|
| 001 | EHU.bham010813 | ||
| 003 | AR-BHAM | ||
| 005 | 20100216165651.0 | ||
| 008 | 130507s1949##################000#0#####d | ||
| 082 | 8 | 7 | |a 879.6 |
| 100 | 1 | |a Jeronimo, San | |
| 245 | 1 | 0 | |a Lettres. tomo 1 [jeronimo] / |c San Jeronimo |
| 260 | |a Paris : |b Les Belles Lettres, |c 1949 | ||
| 300 | |a 170 p. | ||
| 490 | 0 | |a Collection des universités de France | |
| 500 | |a Texte Établi Et Traduit Par Jerome Labourt Texto en francés y latín | ||
| 653 | |a Genero epistolar latino medieval y moderno | ||
| 859 | |a AR-BHAM |b BIB. HUMANIDADES - General |h 879.6 |i J483 |p 1027.63 |t Ej.1 |v I |3 I | ||
